[Event "3rd Bugojno it"]
[Site "Bugojno YUG"]
[Date "1982.05.07"]
[Round "1"]
[White "Petrosian, Tigran"]
[Black "Timman, Jan"]
[Result "1-0"]
[WhiteElo "2605"]
[BlackElo "2655"]
[EventDate "1982.05.07"]
[PlyCount "81"]

1.d4 Nf6 2.c4 e6 3.Nc3 Bb4 4.e3 O-O 5.Ne2 d5 6.a3 Be7 7.cxd5 exd5 8.g3 c6 
9.Bg2 Bf5 10.O-O Bd6 11.f3 Qe7 12.e4 dxe4 13.fxe4 Bxe4 14.Rxf6 Bxg2 15.
Rxd6 Qxd6 16.Kxg2 Nd7 17.Bf4 Qg6 18.Qb3 Nb6 19.Bc7 Qd3 20.Bxb6 Rfe8 21.Ng1
axb6 22.Rf1 Qxd4 23.Qxf7+ Kh8 24.Qxb7 Rf8 25.Nf3 Qc5 26.Qd7 Rad8 27.Qg4 
Rf7 28.Rf2 h6 29.h4 Rd3 30.h5 b5 31.Ne2 Qf5 32.Qxf5 Rxf5 33.Nf4 Re3 34.Rd2
Kh7 35.Rd8 Rc5 36.Nh4 Rce5 37.Rc8 Re8 38.Rxc6 b4 39.a4 Rd8 40.Nf5 Re5 41.
Nd6 1-0

[Event "3rd Bugojno it"]
[Site "Bugojno YUG"]
[Date "1982.05.09"]
[Round "3"]
[White "Spassky, Boris"]
[Black "Huebner, Robert"]
[Result "1/2-1/2"]
[WhiteElo "2625"]
[BlackElo "2620"]
[EventDate "1982.05.07"]
[PlyCount "126"]

1.d4 Nf6 2.c4 e6 3.Nc3 Bb4 4.a3 Bxc3+ 5.bxc3 c5 6.f3 Nc6 7.e4 d6 8.Be3 b6 
9.Bd3 Na5 10.Nh3 Ba6 11.Qe2 Qd7 12.e5 dxe5 13.dxe5 Ng8 14.O-O Ne7 15.Rad1 
Qc7 16.Bg5 O-O-O 17.Nf2 Rd7 18.Bxe7 Rxe7 19.f4 Kb8 20.Ne4 Rd7 21.Nd6 Nb7 
22.Nb5 Bxb5 23.cxb5 Rhd8 24.Be4 c4 25.Rxd7 Qxd7 26.Qxc4 Nc5 27.h3 Qd2 28.
Kh1 Qe3 29.Bc6 g6 30.f5 Qxe5 31.fxe6 fxe6 32.Qh4 Qc7 33.Kg1 Nb3 34.Re1 Nc5
35.Rf1 Nb3 36.Re1 Nc5 37.Qf6 Qd6 38.Rf1 e5 39.Qxd6+ Rxd6 40.Rf8+ Kc7 41.
Rf7+ Kd8 42.Rxa7 h6 43.a4 e4 44.a5 bxa5 45.Rxa5 Kc7 46.Ra7+ Kb6 47.Re7 
Rd1+ 48.Kh2 Rc1 49.Rg7 g5 50.Rg6 e3 51.Rxh6 Rxc3 52.Rg6 Nb3 53.Bd7+ Ka5 
54.Rxg5 Rc5 55.Rxc5 Nxc5 56.Bg4 Ne4 57.h4 Kxb5 58.Be2+ Kc5 59.Kh3 Nc3 60.
Ba6 e2 61.Bxe2 Nxe2 62.h5 Kd6 63.h6 Ke7 1/2-1/2

[Event "3rd Bugojno it"]
[Site "Bugojno YUG"]
[Date "1982.05.16"]
[Round "8"]
[White "Ivanovic, Bozidar"]
[Black "Kavalek, Lubomir"]
[Result "1/2-1/2"]
[WhiteElo "2485"]
[BlackElo "2590"]
[EventDate "1982.05.07"]
[PlyCount "150"]

1.e4 c6 2.d4 d5 3.Nd2 dxe4 4.Nxe4 Bf5 5.Ng3 Bg6 6.Nf3 Nd7 7.h4 h6 8.h5 Bh7
9.Bd3 Bxd3 10.Qxd3 Ngf6 11.Bd2 e6 12.O-O-O Be7 13.Ne4 Nxe4 14.Qxe4 Nf6 15.
Qe2 Qd5 16.c4 Qe4 17.Rde1 Qxe2 18.Rxe2 O-O 19.Ne5 Rfd8 20.Bc3 Rac8 21.a4 
b5 22.axb5 cxb5 23.cxb5 Rd5 24.Nc6 Bd6 25.Nxa7 Ra8 26.b6 Nxh5 27.Kc2 Rb8 
28.Nc6 Rxb6 29.Ne5 Nf6 30.Ra1 Rb7 31.Ra6 g5 32.Ra8+ Rb8 33.Ra7 Bxe5 34.
dxe5 Nd7 35.Re3 Rc8 36.Kb1 Rc4 37.g3 h5 38.Rb7 Nc5 39.Rc7 Ra4 40.Kc2 Nd7 
41.Re1 Kg7 42.Rh1 Kg6 43.Rc8 Nxe5 44.Rg8+ Kf5 45.Rxh5 Nf3 46.Rf8 Ra7 47.
Rh7 Rdd7 48.Rc8 Nd4+ 49.Kd3 Nb5+ 50.Ke2 Nxc3+ 51.Rxc3 Rdb7 52.b3 Ra3 53.
Rf3+ Kg6 54.Rh8 Kg7 55.Rh5 f6 56.Re3 e5 57.Rh1 Rbxb3 58.Rxb3 Rxb3 59.Ra1 
Kg6 60.g4 Rb7 61.Kf3 Kf7 62.Ra6 Ke7 63.Ke3 Rb3+ 64.Ke2 Rb4 65.Kf3 Rd4 66.
Rb6 Rd6 67.Rb4 Ke6 68.Ke4 Ra6 69.f3 Rc6 70.Ra4 Rb6 71.Rc4 Rb3 72.Ra4 Kf7 
73.Ra7+ Kg6 74.Ra4 Rb8 75.Ke3 Rd8 1/2-1/2

[Event "3rd Bugojno it"]
[Site "Bugojno YUG"]
[Date "1982.05.17"]
[Round "9"]
[White "Timman, Jan"]
[Black "Gligoric, Svetozar"]
[Result "1/2-1/2"]
[WhiteElo "2655"]
[BlackElo "2535"]
[EventDate "1982.05.07"]
[PlyCount "122"]

1.d4 Nf6 2.c4 e6 3.Nf3 b6 4.g3 Bb7 5.Bg2 Be7 6.O-O O-O 7.d5 exd5 8.Nh4 c6 
9.cxd5 cxd5 10.Nc3 Na6 11.Nf5 Nc7 12.Bf4 Bc5 13.Rc1 Bc6 14.Na4 g6 15.Nxc5 
bxc5 16.Bxc7 Qxc7 17.Ne7+ Kg7 18.Nxd5 Bxd5 19.Bxd5 Rab8 20.b3 Rfe8 21.Bf3 
Qe5 22.Qd2 d6 23.Rc4 Rb6 24.Ra4 Re7 25.Rc1 Rc7 26.Rac4 Re7 27.R1c3 Qe6 28.
Rf4 Qd7 29.Qb2 Re6 30.Rd3 Qe7 31.Ra4 a6 32.e3 Kg8 33.Qa3 Qa7 34.Rd1 Re8 
35.Be2 Ra8 36.Bf3 Rc8 37.Be2 Ra8 38.b4 cxb4 39.Rxb4 d5 40.Rdb1 Rxb4 41.
Rxb4 Ne4 42.Bf3 Re8 43.Rd4 Qb7 44.Qb3 Qxb3 45.axb3 Nc3 46.Kg2 h5 47.Bxd5 
Nxd5 48.Rxd5 Rb8 49.Rd3 Rb4 50.f4 a5 51.Kf3 a4 52.bxa4 Rxa4 53.f5 Kg7 54.
fxg6 Kxg6 55.e4 f6 56.Rd6 Ra5 57.Kf4 Ra1 58.h4 Re1 59.Kf3 Kg7 60.Rd7+ Kg6 
61.Re7 Rf1+ 1/2-1/2

[Event "3rd Bugojno it"]
[Site "Bugojno YUG"]
[Date "1982.05.20"]
[Round "10"]
[White "Polugaevsky, Lev"]
[Black "Larsen, Bent"]
[Result "0-1"]
[WhiteElo "2600"]
[BlackElo "2605"]
[EventDate "1982.05.07"]
[PlyCount "112"]

1.Nf3 Nf6 2.c4 d6 3.d4 Nbd7 4.Nc3 e5 5.e4 Be7 6.Be2 c6 7.O-O a6 8.d5 Nc5 
9.Nd2 a5 10.b3 O-O 11.a3 Bd7 12.Rb1 cxd5 13.cxd5 b5 14.b4 axb4 15.Rxb4 Qc8
16.Nxb5 Ne8 17.Nc4 Bxb5 18.Rxb5 Nxe4 19.Nb6 Qd8 20.Nxa8 Nc3 21.Qc2 Nxb5 
22.Bxb5 Qxa8 23.Bc6 Qc8 24.a4 Nf6 25.Qc4 Bd8 26.Ba3 Qb8 27.g3 Bc7 28.Kg2 
h5 29.Rh1 h4 30.g4 Nh7 31.Bc1 Bb6 32.Bd2 Bd4 33.a5 Qb2 34.Bc1 Qb1 35.Qe2 
f5 36.Ba3 Qb8 37.gxf5 Rxf5 38.Bd7 Rf6 39.a6 Nf8 40.Bg4 Qb3 41.Bc1 Qxd5+ 
42.Bf3 Qf7 43.Be3 Ne6 44.Rc1 d5 45.Rc8+ Kh7 46.Bh5 g6 47.Bg4 Nf4+ 48.Bxf4 
Rxf4 49.f3 e4 50.Rb8 Kh6 51.Rb7 Qf8 52.Qd2 g5 53.Qe2 Qa3 54.Rc7 Rf6 55.Rc2
Qa1 56.Qf1 exf3+ 0-1

[Event "3rd Bugojno it"]
[Site "Bugojno YUG"]
[Date "1982.05.22"]
[Round "12"]
[White "Ivkov, Borislav"]
[Black "Timman, Jan"]
[Result "1/2-1/2"]
[WhiteElo "2480"]
[BlackElo "2655"]
[EventDate "1982.05.07"]
[PlyCount "55"]

1.Nf3 c5 2.c4 Nf6 3.Nc3 Nc6 4.e3 e6 5.d4 d5 6.a3 a6 7.dxc5 Bxc5 8.b4 Bd6 
9.Bb2 O-O 10.Qc2 Bd7 11.Rd1 Rc8 12.Be2 Ne5 13.cxd5 exd5 14.Qd2 Re8 15.Nxd5
Ba4 16.Nxe5 Bxe5 17.Nxf6+ Qxf6 18.Bxe5 Qxe5 19.Rc1 Bc6 20.O-O Qg5 21.g3 
Red8 22.Qc3 h5 23.Rfd1 h4 24.Qc5 Qg6 25.b5 axb5 26.Bxb5 h3 27.Bxc6 bxc6 
28.Qc4 1/2-1/2

[Event "3rd Bugojno it"]
[Site "Bugojno YUG"]
[Date "1982.05.22"]
[Round "12"]
[White "Petrosian, Tigran"]
[Black "Kavalek, Lubomir"]
[Result "1/2-1/2"]
[WhiteElo "2605"]
[BlackElo "2590"]
[EventDate "1982.05.07"]
[PlyCount "82"]

1.d4 Nf6 2.Nf3 e6 3.c4 d5 4.Nc3 Be7 5.Bg5 O-O 6.e3 Nbd7 7.a3 c6 8.Qc2 b6 
9.cxd5 cxd5 10.Bd3 Bb7 11.O-O Rc8 12.Nd2 h6 13.Bh4 Nh5 14.Bxe7 Qxe7 15.Qa4
a6 16.Qb4 Qd8 17.Rfc1 a5 18.Qb3 Nhf6 19.Rc2 Qe7 20.Rac1 Rfd8 21.Bb5 Rc7 
22.f4 Rdc8 23.Nf3 Qd8 24.h3 Nb8 25.Bd3 Nbd7 26.Kh2 Ne8 27.Ne5 Nd6 28.Nxd7 
Rxd7 29.Na4 Rxc2 30.Rxc2 Nc8 31.Qc3 Re7 32.b4 axb4 33.Qxb4 Rc7 34.Rb2 Bc6 
35.Nc3 Ra7 36.a4 Qe7 37.Kg1 Qxb4 38.Rxb4 Kf8 39.Kf2 Ke7 40.f5 Nd6 41.fxe6 
fxe6 1/2-1/2